000
00410nam a2200145Ia 4500
008
100204s9999 xx 000 0 und d
082
_b
9943
100
_a
काकोडकर चंद्र्रकांत
245
_a
भास
260
_b
"पूजा प्रकाशन , मुंबई 14"
_c
1987
300
_a
183
630
_a
भास
730
_a
भास
942
_c
BOOK
999
_c
454379
_d
454376